Score 0/31 Timer 07:00
1 Play Today
Date Player % Correct
August 2019Harry Maguire
92%
Aug 2016Paul Pogba
89.6%
June 2014Luke Shaw
88.4%
Sept 2015Anthony Martial
87.8%
Jan 2014Juan Mata
86.8%
Aug 2014Angel Di Maria
86%
July 2017Romelu Lukaku
85.1%
June 2019Aaron Wan-Bissaka
84.7%
June 2017Victor Lindelof
82.2%
June 2016Eric Bailly
81.3%
July 2015Sergio Romero
81.1%
June 2019Daniel James
80.6%
June 2018Fred
79.9%
Jan 2018Alexis Sanchez
77.9%
July 2017Nemanja Matic
77.4%
Sept 2013Marouane Fellaini
76.6%
Date Player % Correct
June 2018Diogo Dalot
74.6%
June 2014Ander Herrera
70.5%
July 2016Zlatan Ibrahimovic
69.8%
Aug 2017Zlatan Ibrahimovic
69.8%
Aug 2014Marcos Rojo
68.7%
July 2015Matteo Darmian
63.9%
Sept 2014Daley Blind
61.7%
Sept 2014Radamel Falcao
55.5%
June 2015Memphis Depay
49.7%
July 2015Bastian Schweinsteiger
42%
July 2016Henrikh Mkhitaryan
41%
July 2015Morgan Schneiderlin
40.3%
Jan 2015Victor Valdes
34.7%
June 2013Guillermo Varela
21.7%
Sept 2014Timothy Fosu-Mensah
11.2%
Remove Ads.
Support Sporcle.
Get the best of Sporcle when you Go Orange. This ad-free experience offers more features, more stats, and more fun while also helping to support Sporcle. Thank you for becoming a member.

You're not logged in!

Compare scores with friends on all Sporcle quizzes.
OR
Log In

Sporcle TV

Today on Sporcle TV


Watch our educational content, quiz creation guides, and fun videos on Sporcle TV.

Show Comments

Extras

Top Quizzes Today


Score Distribution

Paid Content

Your Account Isn't Verified!

In order to create a playlist on Sporcle, you need to verify the email address you used during registration. Go to your Sporcle Settings to finish the process.

Report this User

Report this user for behavior that violates our Community Guidelines.

Details: